Financial management.

Saved in:
Bibliographic Details
Main Author: Johnson, Robert W. (Robert Willard)
Format: Book
Language:English
Published: Boston : Allyn & Bacon, 1959.
Subjects:
LEADER 00726nam a22002051 4500
001 c000368463
003 CARM
005 00000000000000.0
008 851113s1959 mau 00000 eng d
019 1 |a 4238788  |z 27087223  |5 LACONCORD2021 
035 |a (OCoLC)2539076  |5 LACONCORD2021 
100 1 |a Johnson, Robert W.  |q (Robert Willard) 
245 1 0 |a Financial management. 
260 |a Boston :  |b Allyn & Bacon,  |c 1959. 
650 0 |a Corporations  |x Finance. 
650 0 |a Finance. 
852 8 |b CARM  |h A1:AL10D0  |i C10387  |p 0455994  |f BK 
082 0 4 |a 658.15 
999 f f |i 97eda20e-cb3d-51bb-9c15-7e4e74dd3ec3  |s 5cdaacbe-04d5-51cb-bef5-2755b92b7b3a 
952 f f |p Can circulate  |a CAVAL  |b CAVAL  |c CAVAL  |d CARM 1 Store  |e C10387  |f A1:AL10D0  |h Other scheme  |i book  |m 0455994